<A> simple test of consumption insurance.

Vládne programy spotrebiteľa. Činnosť charity, neštátnych a súkromných inštitúcií. Informačný spotrebiteľský systém. Vplyv ochrany spotrebiteľa na rast spotreby. Hlavná úloha ochrany spotrebiteľa. Snahy o vyrovnanie úrovne ochrany spotrebiteľa v jednotlivých krajinách. Ochrana spotrebiteľa na úrovni...

Ausführliche Beschreibung

Gespeichert in:
Bibliographische Detailangaben
1. Verfasser: Cochrane, J.H
Format: Buchkapitel
Sprache:Englisch
Schlagworte:
Tags: Tag hinzufügen
Keine Tags, Fügen Sie das erste Tag hinzu!

MARC

LEADER 00000naa a2200000 4500
001 r011153
005 20221213084259.3
041 0 |a eng 
044 |a US 
245 1 0 |a <A> simple test of consumption insurance.  |c J.H. Cochrane 
520 |a Vládne programy spotrebiteľa. Činnosť charity, neštátnych a súkromných inštitúcií. Informačný spotrebiteľský systém. Vplyv ochrany spotrebiteľa na rast spotreby. Hlavná úloha ochrany spotrebiteľa. Snahy o vyrovnanie úrovne ochrany spotrebiteľa v jednotlivých krajinách. Ochrana spotrebiteľa na úrovni makroekonomiky. 
610 2 0 |a ochrana spotrebiteľa 
610 2 0 |a testy 
610 2 0 |a programy vládne 
610 2 0 |a systémy informačné 
610 2 0 |a spotrebitelia 
610 2 0 |a spotreba 
610 2 0 |a makroekonomika 
100 1 |a Cochrane, J.H.